[Event "CRO-chT4 South"]
[Site "Zadar"]
[Date "2013.05.19"]
[Round "4.1"]
[White "Krpeta, Ante"]
[Black "Vucic, Petar"]
[Result "0-1"]
[WhiteElo "1799"]
[BlackElo "1636"]
[PlyCount "84"]
[EventDate "2013.04.28"]
[EventType "team-tourn"]
[EventRounds "7"]
[EventCountry "CRO"]
[SourceTitle "EXT 2014"]
[Source "ChessBase"]
[SourceDate "2013.11.20"]
[SourceVersion "1"]
[SourceVersionDate "2013.11.20"]
[SourceQuality "1"]
[WhiteTeam "Pakostane"]
[BlackTeam "Sinj"]
[WhiteTeamCountry "CRO"]
[BlackTeamCountry "CRO"]

1. e4 c5 2. Nf3 Nc6 3. d4 cxd4 4. Nxd4 d6 5. Nc3 Nf6 6. Bg5 e6 7. f4 Be7 8. Qd2 a6 9. 0-0-0 Qc7 10. h3 Bd7 11. g4 0-0-0 12. a3 h6 13. Bh4 Nxe4 14. Nxe4 Bxh4 15. Kb1 Be7 16. Bg2 d5 17. Nf2 Na5 18. Nd3 Nc4 19. Qe1 Qb6 20. Nb3 Ba4 21. Ndc1 Bf6 22. Nd3 Bxb3 23. cxb3 Qxb3 24. Qb4 Qxb4 25. Nxb4 Nxb2 26. Rc1+ Nc4 27. f5 Kb8 28. Ka2 a5 29. Nd3 e5 30. Rb1 Ka7 31. Rb5 e4 32. Nf4 Ne3 33. Rhb1 Rd7 34. Rxa5+ Kb8 35. Bh1 Rhd8 36. Rab5 Nc4 37. Nxd5 Rxd5 38. Rxb7+ Kc8 39. Rb8+ Kd7 40. Rxd8+ Kxd8 41. Bxe4 Rd4 42. Bh1 Rd3 0-1